Statistics for Walt Disney Quiz in 20 Seconds

Click here to take the quiz!

General Stats

  • This quiz has been taken 23 times
  • The average score is 2 of 7

Answer Stats

QuestionAnswer% Correct
Was Walt Wealthy as a kid?No
71%
As a kid what did Walt love to do?Art
65%
What pet did Walt bring in School?Mouse
29%
Do you want more of these quizzes?
24%
What age did Walt go to School7
24%
Who did Walt as a kid admire?Abraham Lincoln
18%
One day as a kid Walt and his sister painted pictures on the side of their house.What material did he use?Tar
12%

Score Distribution

Percentile by Number Answered

Percent of People with Each Score

Your Score History

You have not taken this quiz